[Event "Madrid 2019-2020 ch - Previa b"]
[Site "Madrid ESP"]
[Date "2020.02.29"]
[Round "9.12"]
[White "Palacios Sanchez, Victor"]
[Black "Martin Rodriguez, Jose Luis"]
[Result "1-0"]
[WhiteElo "1652"]
[BlackElo "1197"]
[PlyCount "55"]
[EventDate "2020.02.06"]
[EventType "swiss"]
[EventRounds "9"]
[EventCountry "ESP"]
[SourceTitle "Ajedrez en Madrid"]
[Source "lmi"]
[SourceDate "2020.02.06"]
[SourceVersion "1"]
[SourceVersionDate "2020.03.02"]
[SourceQuality "1"]

1. c4 Nf6 2. g3 e5 3. Bg2 Bc5 4. e3 Nc6 5. Nc3 d6 6. Nge2 Bf5 7. O-O Qd7 8. d4
Bb6 9. d5 Ne7 10. e4 Bh3 11. Bg5 Bxg2 12. Kxg2 Qg4 13. Bxf6 gxf6 14. h3 Qg5 15.
Qa4+ Kd8 16. Rad1 h5 17. b4 Kc8 18. c5 dxc5 19. d6 cxd6 20. Rxd6 Rd8 21. Rxb6
a6 22. Rc1 Kc7 23. Qa5 Nc6 24. Rxc6+ Kxc6 25. Qxc5+ Kd7 26. Nd5 f5 27. h4 Qd2
28. Qe7# 1-0